[Event "Klatovy op-C 29th"]
[Site "Klatovy"]
[Date "2023.07.02"]
[Round "2"]
[White "Chalus, Karel"]
[Black "Sibl, Vaclav"]
[Result "1-0"]
[WhiteElo "1975"]
[BlackElo "1840"]
[PlyCount "79"]
[EventDate "2023.07.01"]
[EventType "swiss"]
[EventRounds "9"]
[EventCountry "CZE"]
[SourceTitle "CBM 215 Extra"]
[Source "ChessBase"]
[SourceDate "2023.09.30"]
[SourceVersion "1"]
[SourceVersionDate "2023.09.30"]
[SourceQuality "1"]

1. e4 d6 2. d4 Nf6 3. Nc3 e5 4. Nf3 Nbd7 5. Bc4 Be7 6. 0-0 c6 7. a4 h6 8. Qe2 Qc7 9. a5 g5 10. d5 Nf8 11. a6 b5 12. Bb3 b4 13. Ba4 Bd7 14. dxc6 Bxc6 15. Nd5 Nxd5 16. exd5 Bxa4 17. Rxa4 Rb8 18. Qe4 Nd7 19. Rxb4 Rxb4 20. Qxb4 0-0 21. h4 Rb8 22. Qd2 f6 23. Qd3 Kg7 24. h5 Nf8 25. b3 Qd7 26. Be3 f5 27. c4 e4 28. Qc3+ Bf6 29. Bd4 Nh7 30. Bxf6+ Nxf6 31. Nd4 Kf7 32. f3 exf3 33. Qxf3 f4 34. Qd3 Nxh5 35. Qh7+ Ng7 36. Ne6 Rg8 37. g3 Qe7 38. Nxf4 Qe3+ 39. Kh2 Qd2+ 40. Ng2+ 1-0

[Event "Pilsen Region-chT 2223"]
[Site "Czech Republic"]
[Date "2022.10.30"]
[Round "2.3"]
[White "Wolf, Vilem"]
[Black "Chalus, Karel"]
[Result "1/2-1/2"]
[WhiteElo "1996"]
[BlackElo "1911"]
[PlyCount "142"]
[EventDate "2022.10.09"]
[EventType "team-tourn"]
[EventRounds "11"]
[EventCountry "CZE"]
[SourceTitle "EXT 2024"]
[Source "ChessBase"]
[SourceDate "2023.10.10"]
[SourceVersion "1"]
[SourceVersionDate "2023.10.10"]
[SourceQuality "1"]
[WhiteTeam "Kozolupy Sakal"]
[BlackTeam "Plzen Letna"]
[WhiteTeamCountry "CZE"]
[BlackTeamCountry "CZE"]

1. e4 e5 2. Nf3 Nc6 3. Bb5 a6 4. Ba4 Nf6 5. 0-0 Be7 6. Re1 b5 7. Bb3 d6 8. c3 0-0 9. h3 Na5 10. Bc2 c5 11. d4 Qc7 12. Nbd2 Nc6 13. Nf1 cxd4 14. cxd4 Nxd4 15. Nxd4 exd4 16. Bf4 Rd8 17. Rc1 Qb6 18. Ng3 Be6 19. Nf5 Bxf5 20. exf5 Ra7 21. Bb3 a5 22. a3 a4 23. Ba2 b4 24. axb4 Qxb4 25. Rc4 Qxb2 26. Re2 Qb5 27. Qxd4 Qd7 28. Be3 Ra5 29. g4 Rd5 30. Qb6 Rd1+ 31. Kg2 Nd5 32. Qc6 Qxc6 33. Rxc6 Nb4 34. Rc7 Nxa2 35. Rxa2 Bf6 36. Rxa4 d5 37. Bc5 Ra1 38. Rxa1 Bxa1 39. Be7 Re8 40. Rd7 h6 41. Kf3 Bc3 42. Bc5 Re5 43. Be3 d4 44. Bxd4 Bxd4 45. Rxd4 h5 46. Kf4 Re2 47. Kf3 Re5 48. Kf4 Re2 49. f3 hxg4 50. fxg4 f6 51. Rd3 Re8 52. h4 Ra8 53. g5 Ra4+ 54. Kg3 fxg5 55. hxg5 Kf7 56. Rd7+ Kf8 57. g6 Rb4 58. Rf7+ Kg8 59. Kf3 Ra4 60. Re7 Kf8 61. Re4 Ra5 62. Kf4 Ra8 63. Kg5 Ra1 64. Kf4 Ra5 65. Rc4 Ra8 66. Rc5 Re8 67. Rc6 Kg8 68. Re6 Rxe6 69. fxe6 Kf8 70. Ke5 Ke7 71. Kd5 Ke8 1/2-1/2

[Event "EU-ch Online U2300 Qual"]
[Site "Chess.com INT"]
[Date "2020.05.25"]
[Round "2"]
[White "Chalus, Karel"]
[Black "Sokolovsky, Yahli"]
[Result "1-0"]
[WhiteElo "2044"]
[BlackElo "2123"]
[PlyCount "87"]
[EventDate "2020.05.25"]
[EventType "swiss"]
[EventRounds "8"]
[EventCountry "NET"]
[SourceTitle "EXT 2021"]
[Source "ChessBase"]
[SourceDate "2020.10.23"]
[SourceVersion "1"]
[SourceVersionDate "2020.10.23"]
[SourceQuality "1"]

1. e4 e5 2. Nf3 Nc6 3. Bb5 a6 4. Ba4 Nf6 5. 0-0 Be7 6. Re1 b5 7. Bb3 d6 8. c3 0-0 9. h3 h6 10. d4 Re8 11. Nbd2 Bf8 12. Nf1 Bb7 13. Ng3 Na5 14. Bc2 Nc4 15. Nh2 d5 16. b3 Nb6 17. dxe5 Nxe4 18. Nxe4 dxe4 19. Qg4 Rxe5 20. Bxh6 Qf6 21. Be3 c5 22. Qg3 Re6 23. Ng4 Qg6 24. Nh6+ gxh6 25. Qc7 Bd5 26. Rad1 Rae8 27. Qf4 Bd6 28. Qh4 Kh7 29. Rd2 Rg8 30. f4 f5 31. Red1 Re7 32. Qf2 Reg7 33. Bxc5 Qxg2+ 34. Qxg2 Bxc5+ 35. Kf1 Rxg2 36. Rxg2 Rxg2 37. Kxg2 e3+ 38. Kf1 Kg6 39. Ke2 Kf6 40. Bd3 Bd6 41. Kxe3 Bg2 42. h4 Nd5+ 43. Kf2 Nxf4 44. b4 1-0

[Event "Pardubice op rapid 28th"]
[Site "Pardubice"]
[Date "2017.07.20"]
[Round "8"]
[White "Chalus, Karel"]
[Black "Matta, Vinay Kumar"]
[Result "0-1"]
[WhiteElo "2077"]
[BlackElo "2326"]
[PlyCount "90"]
[EventDate "2017.07.19"]
[EventType "swiss (rapid)"]
[EventRounds "9"]
[EventCountry "CZE"]
[SourceTitle "CBM 179 Extra"]
[Source "ChessBase"]
[SourceDate "2017.08.23"]
[SourceVersion "1"]
[SourceVersionDate "2017.08.23"]
[SourceQuality "1"]

1. e4 c5 2. Nf3 d6 3. d4 cxd4 4. Nxd4 Nf6 5. Nc3 a6 6. Be3 e5 7. Nb3 Be6 8. h3 Nbd7 9. Be2 Be7 10. g4 h6 11. Qd2 Rc8 12. 0-0-0 Qc7 13. Kb1 b5 14. Bf3 Nb6 15. Qe2 Bc4 16. Qd2 Be6 17. Na5 b4 18. Nd5 Bxd5 19. exd5 e4 20. Be2 Nbxd5 21. Nc4 a5 22. Bd4 0-0 23. Rhg1 g5 24. h4 Nf4 25. Ne3 gxh4 26. g5 hxg5 27. Rxg5+ Ng6 28. Nf5 Rfd8 29. Rdg1 Kf8 30. Rxg6 e3 31. Bxf6 fxg6 32. Bxe7+ Qxe7 33. Qd4 Qe5 34. Qxe5 dxe5 35. Nxe3 Rd2 36. Re1 Rcd8 37. Nc4 Rxe2 38. Rf1 a4 39. a3 b3 40. cxb3 axb3 41. f4 Rf2 42. Re1 e4 43. Ne5 Kg7 44. Rg1 Rg2 45. Re1 h3 0-1

[Event "Pardubice op rapid 28th"]
[Site "Pardubice"]
[Date "2017.07.20"]
[Round "7"]
[White "Chalus, Karel"]
[Black "Tomek, Karel"]
[Result "1-0"]
[WhiteElo "2077"]
[BlackElo "1764"]
[PlyCount "105"]
[EventDate "2017.07.19"]
[EventType "swiss (rapid)"]
[EventRounds "9"]
[EventCountry "CZE"]
[SourceTitle "CBM 179 Extra"]
[Source "ChessBase"]
[SourceDate "2017.08.23"]
[SourceVersion "1"]
[SourceVersionDate "2017.08.23"]
[SourceQuality "1"]

1. e4 c5 2. Nf3 Nc6 3. d4 cxd4 4. Nxd4 g6 5. Nc3 Bg7 6. Be3 Nf6 7. Nxc6 dxc6 8. Qxd8+ Kxd8 9. 0-0-0+ Ke8 10. h3 h5 11. e5 Nd7 12. f4 Nb6 13. g3 Be6 14. Bg2 Rd8 15. a4 Rxd1+ 16. Rxd1 Nc8 17. a5 f6 18. exf6 Bxf6 19. Ne4 Kf7 20. Nc5 Nd6 21. Nxe6 Kxe6 22. Bxa7 Ra8 23. Bb6 Nc4 24. Bd4 Rxa5 25. Kb1 Bxd4 26. Rxd4 Nd6 27. Rb4 Rb5 28. Ra4 Kf6 29. c3 e5 30. fxe5+ Kxe5 31. g4 hxg4 32. Rxg4 Kf5 33. Bf1 Re5 34. Bd3+ Ke6 35. Rxg6+ Kd5 36. Kc2 Rh5 37. Rg3 Kc5 38. b4+ Kb6 39. Be2 Rh6 40. Bg4 Ne4 41. Re3 Ng5 42. Kb3 Kc7 43. c4 b5 44. c5 Rf6 45. Re7+ Kd8 46. Rd7+ Ke8 47. Rd6 Rxd6 48. cxd6 Ne4 49. d7+ Kd8 50. Kc2 Nf6 51. Kd3 Nxd7 52. Bxd7 Kxd7 53. Kd4 1-0

[Event "Pardubice op rapid 28th"]
[Site "Pardubice"]
[Date "2017.07.19"]
[Round "2"]
[White "Chalus, Karel"]
[Black "Domogaev, Sergey"]
[Result "0-1"]
[WhiteElo "2077"]
[BlackElo "2395"]
[PlyCount "122"]
[EventDate "2017.07.19"]
[EventType "swiss (rapid)"]
[EventRounds "9"]
[EventCountry "CZE"]
[SourceTitle "CBM 179 Extra"]
[Source "ChessBase"]
[SourceDate "2017.08.23"]
[SourceVersion "1"]
[SourceVersionDate "2017.08.23"]
[SourceQuality "1"]

1. e4 a6 2. d4 c5 3. Nf3 cxd4 4. Nxd4 Nf6 5. Nc3 e5 6. Nb3 Bb4 7. Bd2 0-0 8. Bd3 Nc6 9. 0-0 Be7 10. f4 d6 11. f5 d5 12. exd5 Nb4 13. d6 Qxd6 14. Be3 Nxd3 15. Qxd3 Qxd3 16. cxd3 Bd7 17. d4 Ng4 18. Rfe1 Bd8 19. Rad1 Bxf5 20. Bf2 Bc2 21. Rd2 Bxb3 22. axb3 Nxf2 23. Kxf2 exd4 24. Nd5 Rc8 25. Rxd4 Rc2+ 26. Re2 Rxe2+ 27. Kxe2 Re8+ 28. Kf3 Kf8 29. Rc4 Re5 30. Rd4 Ke8 31. g3 h5 32. h4 g6 33. b4 Rf5+ 34. Ke4 Rf2 35. b3 Re2+ 36. Kf3 Re6 37. Nf4 Rf6 38. Ke4 Bc7 39. Nd5 Re6+ 40. Kf3 Be5 41. Rd3 Bd6 42. Nf4 Rf6 43. Ke4 Bxb4 44. Nd5 Re6+ 45. Kf3 Bd6 46. Nc3 Ke7 47. Ne4 b6 48. Rd5 Kd7 49. Rd3 a5 50. Rd5 Kc6 51. Rd3 Be7 52. Nc3 b5 53. Ne4 a4 54. bxa4 b4 55. a5 Re5 56. a6 Ra5 57. Rb3 Rxa6 58. Nd2 Ra3 59. Ke4 Rxb3 60. Nxb3 Bd6 61. Kf3 f5 0-1

[Event "CZE-chT2A 1415"]
[Site "Czech Republic"]
[Date "2015.03.29"]
[Round "10.3"]
[White "Simunek, Ales"]
[Black "Chalus, Karel"]
[Result "1-0"]
[WhiteElo "2184"]
[BlackElo "2106"]
[PlyCount "71"]
[EventDate "2014.11.02"]
[EventType "team-tourn"]
[EventRounds "11"]
[EventCountry "CZE"]
[SourceTitle "EXT 2022"]
[Source "ChessBase"]
[SourceDate "2021.10.06"]
[SourceVersion "1"]
[SourceVersionDate "2021.10.06"]
[SourceQuality "1"]
[WhiteTeam "Line"]
[BlackTeam "Plzen Letna"]
[WhiteTeamCountry "CZE"]
[BlackTeamCountry "CZE"]

1. c4 e5 2. Nc3 Bc5 3. Nf3 Nc6 4. g3 d6 5. Bg2 Nf6 6. 0-0 Bf5 7. d3 Qd7 8. Nd5 Nxd5 9. cxd5 Ne7 10. e4 Bg4 11. Qc2 0-0 12. Nxe5 Bxf2+ 13. Rxf2 dxe5 14. Qc3 f6 15. d4 Ng6 16. Be3 Rac8 17. Qb3 b6 18. Rc1 Kh8 19. Qa3 exd4 20. Bxd4 c6 21. Bc3 cxd5 22. exd5 Ne5 23. Re1 Ng6 24. Rff1 Rfe8 25. Rxe8+ Rxe8 26. Re1 h5 27. Be4 f5 28. Bg2 h4 29. Rxe8+ Qxe8 30. Bd2 Qe5 31. Qc3 h3 32. Bf1 Qxd5 33. Qe3 Ne5 34. Bc3 Nf3+ 35. Kf2 Nxh2 36. Qh6+ 1-0

[Event "CZE-chT2A 1415"]
[Site "Czech Republic"]
[Date "2015.02.08"]
[Round "7.2"]
[White "Chalus, Karel"]
[Black "Bauma, Jiri"]
[Result "0-1"]
[WhiteElo "2106"]
[BlackElo "2225"]
[PlyCount "68"]
[EventDate "2014.11.02"]
[EventType "team-tourn"]
[EventRounds "11"]
[EventCountry "CZE"]
[SourceTitle "EXT 2022"]
[Source "ChessBase"]
[SourceDate "2021.10.06"]
[SourceVersion "1"]
[SourceVersionDate "2021.10.06"]
[SourceQuality "1"]
[WhiteTeam "Plzen Letna"]
[BlackTeam "Praha Dukla"]
[WhiteTeamCountry "CZE"]
[BlackTeamCountry "CZE"]

1. e4 c5 2. f4 Nc6 3. Nf3 e6 4. Bb5 Nd4 5. a4 Nxb5 6. axb5 d5 7. exd5 exd5 8. 0-0 Bd6 9. d3 Ne7 10. c4 b6 11. Nc3 Bb7 12. Bd2 0-0 13. Ra4 dxc4 14. dxc4 Qd7 15. Qc2 Nf5 16. Ng5 h6 17. Nge4 Bb8 18. Nf2 Rd8 19. Bc1 Nd4 20. Qd1 Qe6 21. Qg4 f5 22. Qh4 Re8 23. Qh5 Kh7 24. Nh3 Kg8 25. Bd2 Qd7 26. Re1 Rxe1+ 27. Bxe1 Bc7 28. Bf2 a5 29. bxa6 Rxa6 30. Rxa6 Bxa6 31. Nd5 Bxc4 32. Nxc7 Ne2+ 33. Kh1 Qd1+ 34. Bg1 Ng3+ 0-1

[Event "CZE-chT2A 1415"]
[Site "Czech Republic"]
[Date "2015.01.11"]
[Round "5.3"]
[White "Bartos, Jan"]
[Black "Chalus, Karel"]
[Result "1/2-1/2"]
[WhiteElo "2194"]
[BlackElo "2106"]
[PlyCount "117"]
[EventDate "2014.11.02"]
[EventType "team-tourn"]
[EventRounds "11"]
[EventCountry "CZE"]
[SourceTitle "EXT 2022"]
[Source "ChessBase"]
[SourceDate "2021.10.06"]
[SourceVersion "1"]
[SourceVersionDate "2021.10.06"]
[SourceQuality "1"]
[WhiteTeam "Praha Kobylisy"]
[BlackTeam "Plzen Letna"]
[WhiteTeamCountry "CZE"]
[BlackTeamCountry "CZE"]

1. d4 d5 2. c4 e6 3. Nf3 Nf6 4. Nc3 Be7 5. Bf4 0-0 6. e3 c5 7. dxc5 Qa5 8. a3 dxc4 9. Bxc4 Qxc5 10. Qe2 Nd5 11. Nxd5 exd5 12. Ba2 b6 13. Qd2 Be6 14. 0-0 Bf6 15. Rac1 Qb5 16. Be5 Nd7 17. Nd4 Qa6 18. Bxf6 Nxf6 19. Nc6 Qb7 20. Qb4 Rfe8 21. Bb3 Rac8 22. Nd4 Rxc1 23. Rxc1 Rc8 24. Qd2 Rc5 25. Rc2 Qc7 26. Ba2 h6 27. b4 Rxc2 28. Qxc2 Qxc2 29. Nxc2 Ne4 30. Kf1 Kf8 31. Nd4 Nc3 32. Bb3 a5 33. bxa5 bxa5 34. Nc6 Nb1 35. Nxa5 Nxa3 36. Ke2 Nb5 37. Nc6 Bd7 38. Ne5 Be6 39. Kd2 Ke7 40. Ba4 Nd6 41. Nc6+ Kf6 42. Bb3 Ne4+ 43. Ke2 Nc5 44. Nd4 g6 45. f3 Ke5 46. Kd2 Bd7 47. Bc2 Ne6 48. f4+ Kf6 49. Nxe6 fxe6 50. Kc3 g5 51. Kd4 gxf4 52. exf4 Bb5 53. g4 Be2 54. h3 Bf3 55. Ke3 Bg2 56. h4 e5 57. g5+ hxg5 58. hxg5+ Ke6 59. fxe5 1/2-1/2

[Event "CZE-chT2A 1415"]
[Site "Czech Republic"]
[Date "2014.12.14"]
[Round "4.4"]
[White "Huttner, Milos"]
[Black "Chalus, Karel"]
[Result "1-0"]
[WhiteElo "2065"]
[BlackElo "2106"]
[PlyCount "21"]
[EventDate "2014.11.02"]
[EventType "team-tourn"]
[EventRounds "11"]
[EventCountry "CZE"]
[SourceTitle "EXT 2022"]
[Source "ChessBase"]
[SourceDate "2021.10.06"]
[SourceVersion "1"]
[SourceVersionDate "2021.10.06"]
[SourceQuality "1"]
[WhiteTeam "Karlovy Vary II"]
[BlackTeam "Plzen Letna"]
[WhiteTeamCountry "CZE"]
[BlackTeamCountry "CZE"]

1. e4 e5 2. Nf3 Nc6 3. Bb5 a6 4. Ba4 Nf6 5. 0-0 Be7 6. Re1 b5 7. Bb3 0-0 8. c3 d6 9. h3 Be6 10. d4 Bxb3 11. axb3 1-0

[Event "CZE-chT2A 1415"]
[Site "Czech Republic"]
[Date "2014.11.16"]
[Round "2.3"]
[White "Chalus, Karel"]
[Black "Benes, Petr1111"]
[Result "1-0"]
[WhiteElo "2106"]
[BlackElo "2055"]
[PlyCount "113"]
[EventDate "2014.11.02"]
[EventType "team-tourn"]
[EventRounds "11"]
[EventCountry "CZE"]
[SourceTitle "EXT 2022"]
[Source "ChessBase"]
[SourceDate "2021.10.06"]
[SourceVersion "1"]
[SourceVersionDate "2021.10.06"]
[SourceQuality "1"]
[WhiteTeam "Plzen Letna"]
[BlackTeam "Praha Dopravni podnik"]
[WhiteTeamCountry "CZE"]
[BlackTeamCountry "CZE"]

1. e4 Nc6 2. Nf3 d6 3. d4 Nf6 4. Nc3 Bg4 5. Be3 a6 6. h3 Bh5 7. Be2 e5 8. d5 Nb8 9. Nd2 Bxe2 10. Qxe2 Be7 11. 0-0-0 b5 12. a3 Nbd7 13. g3 Nb6 14. f4 Nfd7 15. Na2 Bf6 16. Nb4 0-0 17. Nc6 Qe8 18. f5 Nb8 19. Na5 Na4 20. g4 c5 21. dxc6 Nxc6 22. Ndb3 b4 23. Nc4 bxa3 24. Nxa3 Nb4 25. Qc4 Rb8 26. Bd2 d5 27. Qxb4 Rxb4 28. Bxb4 Bg5+ 29. Kb1 dxe4 30. Bxf8 Kxf8 31. Rhe1 Qc6 32. Nd2 Qb7 33. Nb3 Be7 34. Nc4 f6 35. Nd6 Qc6 36. Nxe4 Nb6 37. Nc3 Ke8 38. Rd3 Nc4 39. Nd5 a5 40. Nxe7 Kxe7 41. Nd2 Nd6 42. Rc3 Qb7 43. Nc4 Nb5 44. Rb3 Qa6 45. Nxe5 a4 46. Nc4+ Kf8 47. Rbe3 Nc7 48. Na3 Qa5 49. Rd1 Nd5 50. Red3 Nb6 51. Rd8+ Ke7 52. Rb8 Qc5 53. Rb7+ Ke8 54. Rxg7 Nd5 55. Rxh7 Nc3+ 56. bxc3 Qxa3 57. Rc7 1-0

[Event "CZE-chT2A 1415"]
[Site "Czech Republic"]
[Date "2014.11.02"]
[Round "1.2"]
[White "Chalus, Karel"]
[Black "Havlik, Jindrich"]
[Result "0-1"]
[WhiteElo "2106"]
[BlackElo "2128"]
[PlyCount "84"]
[EventDate "2014.11.02"]
[EventType "team-tourn"]
[EventRounds "11"]
[EventCountry "CZE"]
[SourceTitle "EXT 2022"]
[Source "ChessBase"]
[SourceDate "2021.10.06"]
[SourceVersion "1"]
[SourceVersionDate "2021.10.06"]
[SourceQuality "1"]
[WhiteTeam "Plzen Letna"]
[BlackTeam "Klatovy"]
[WhiteTeamCountry "CZE"]
[BlackTeamCountry "CZE"]

1. e4 e6 2. d4 d5 3. Nd2 Nf6 4. e5 Nfd7 5. Bd3 c5 6. c3 Nc6 7. Ne2 cxd4 8. cxd4 f6 9. exf6 Nxf6 10. Nf3 Bd6 11. 0-0 Qc7 12. g3 0-0 13. Bf4 Bd7 14. Rc1 Bxf4 15. Nxf4 Qb6 16. b3 Rae8 17. Bb1 Kh8 18. Re1 g5 19. Nxg5 Nxd4 20. Nxh7 Nxh7 21. Bxh7 Rxf4 22. gxf4 Kxh7 23. Re3 Rg8+ 24. Rg3 Rxg3+ 25. hxg3 Nf5 26. Qh5+ Kg7 27. g4 Ng3 28. Qe5+ Kf7 29. Kg2 Ne4 30. Rc2 Bc6 31. Re2 Bb5 32. Rc2 Bc6 33. f3 Nf6 34. g5 Nd7 35. Qh8 Qe3 36. Kg3 d4 37. Qh5+ Ke7 38. Rf2 d3 39. Qh1 e5 40. Qh7+ Kd8 41. Qh4 d2 42. g6+ Kc7 0-1

[Event "CZE-chT2A 1314"]
[Site "Czech Republic"]
[Date "2014.04.06"]
[Round "11.7"]
[White "Misicko, Jan"]
[Black "Chalus, Karel"]
[Result "0-1"]
[WhiteElo "2064"]
[BlackElo "2041"]
[PlyCount "90"]
[EventDate "2013.11.03"]
[EventType "team-tourn"]
[EventRounds "11"]
[EventCountry "CZE"]
[SourceTitle "EXT 2015"]
[Source "ChessBase"]
[SourceDate "2014.11.20"]
[SourceVersion "1"]
[SourceVersionDate "2014.11.20"]
[SourceQuality "1"]
[WhiteTeam "Kladno"]
[BlackTeam "Plzen Letna"]
[WhiteTeamCountry "CZE"]
[BlackTeamCountry "CZE"]

1. c4 Nf6 2. g3 d5 3. cxd5 Nxd5 4. Bg2 c6 5. e4 Nb4 6. Bf1 Nd3+ 7. Bxd3 Qxd3 8. Qf3 Qd6 9. Ne2 e5 10. 0-0 h5 11. Qe3 Bh3 12. Rd1 c5 13. b4 cxb4 14. a3 Nc6 15. Bb2 h4 16. d4 hxg3 17. fxg3 exd4 18. Nxd4 Ne5 19. Qb3 Bg4 20. Rd2 Qb6 21. Kh1 Qf6 22. Nf5 Bxf5 23. exf5 Qxf5 24. Qa4+ Nc6 25. Re2+ Be7 26. Nd2 Qd5+ 27. Rg2 0-0 28. axb4 Bxb4 29. Nf1 Rfe8 30. Rd1 Qf3 31. Qc2 Rad8 32. Rb1 a5 33. h4 Nd4 34. Nh2 Nxc2 35. Nxf3 Ne3 36. Re2 Nc4 37. Rxe8+ Rxe8 38. Bc1 b6 39. Bf4 Bc5 40. Rc1 Nb2 41. Rb1 Nd3 42. Bc7 Re6 43. Kg2 a4 44. Rd1 Re2+ 45. Kh3 Nf2+ 0-1

[Event "CZE-chT2A 1314"]
[Site "Czech Republic"]
[Date "2014.03.02"]
[Round "9.5"]
[White "Chalus, Karel"]
[Black "Jaros, Martin"]
[Result "1-0"]
[WhiteElo "2041"]
[BlackElo "2204"]
[PlyCount "69"]
[EventDate "2013.11.03"]
[EventType "team-tourn"]
[EventRounds "11"]
[EventCountry "CZE"]
[SourceTitle "EXT 2015"]
[Source "ChessBase"]
[SourceDate "2014.11.20"]
[SourceVersion "1"]
[SourceVersionDate "2014.11.20"]
[SourceQuality "1"]
[WhiteTeam "Plzen Letna"]
[BlackTeam "Kozolupy"]
[WhiteTeamCountry "CZE"]
[BlackTeamCountry "CZE"]

1. e4 e5 2. Nf3 Nc6 3. Bb5 a6 4. Ba4 Nf6 5. 0-0 Nxe4 6. d4 b5 7. Bb3 d5 8. dxe5 Be6 9. c3 Be7 10. Re1 Qd7 11. Nbd2 f5 12. exf6 Nxf6 13. Nd4 Nxd4 14. cxd4 c6 15. Qe2 Bf5 16. Nf3 Ra7 17. Ne5 Qc8 18. Bg5 0-0 19. Rac1 Bd7 20. Ng6 hxg6 21. Qxe7 Qd8 22. Qd6 Qb8 23. Qc5 Ng4 24. f4 Nf6 25. Re7 Rb7 26. g3 Be8 27. Bxf6 gxf6 28. Bxd5+ cxd5 29. Qxd5+ Rf7 30. Re6 Kg7 31. Rce1 Bd7 32. Re7 Rxe7 33. Rxe7+ Kh6 34. Qf7 Qh8 35. Rxd7 1-0

[Event "CZE-chT2A 1314"]
[Site "Czech Republic"]
[Date "2013.11.03"]
[Round "1.8"]
[White "Lamser, Jan"]
[Black "Chalus, Karel"]
[Result "1/2-1/2"]
[WhiteElo "2173"]
[BlackElo "2041"]
[PlyCount "120"]
[EventDate "2013.11.03"]
[EventType "team-tourn"]
[EventRounds "11"]
[EventCountry "CZE"]
[SourceTitle "EXT 2015"]
[Source "ChessBase"]
[SourceDate "2014.11.20"]
[SourceVersion "1"]
[SourceVersionDate "2014.11.20"]
[SourceQuality "1"]
[WhiteTeam "Postovni sporitelna II"]
[BlackTeam "Plzen Letna"]
[WhiteTeamCountry "CZE"]
[BlackTeamCountry "CZE"]

1. d4 Nf6 2. Nf3 d5 3. c4 e6 4. e3 Be7 5. Nbd2 Nbd7 6. Bd3 0-0 7. 0-0 c5 8. Re1 b6 9. e4 dxe4 10. Nxe4 Bb7 11. dxc5 Nxc5 12. Nxc5 Bxc5 13. a3 a5 14. Bf4 h6 15. Qe2 Qe7 16. Rad1 Rfd8 17. h3 Rac8 18. Be5 Bd6 19. Bc3 Nh5 20. Ne5 Nf4 21. Qg4 Qg5 22. Bf1 Bxe5 23. Qxg5 hxg5 24. Bxe5 Rxd1 25. Rxd1 f6 26. Rd7 Ba6 27. Bc7 e5 28. Rd8+ Rxd8 29. Bxd8 a4 30. Bxb6 Kf7 31. f3 Ke7 32. Kf2 Kd7 33. Ke1 Kc6 34. Ba7 Kb7 35. Bf2 f5 36. g3 Ne6 37. Kd2 Kc7 38. Kc3 Bb7 39. Be2 f4 40. g4 e4 41. fxe4 Bxe4 42. Bd1 Bc6 43. c5 Bg2 44. Kc4 f3 45. Kd5 Nf4+ 46. Ke4 Nxh3 47. Bg3+ Kc6 48. Ke3 Kxc5 49. Bxa4 Nf4 50. Bd1 Nd5+ 51. Kf2 Nf6 52. Bxf3 Bh3 53. Be2 Nxg4+ 54. Kf3 Nf6 55. b4+ Kc6 56. b5+ Kb7 57. a4 Bg4+ 58. Ke3 Nd5+ 59. Kd4 Bxe2 60. Kxd5 Kb6 1/2-1/2

[Event "Regionalliga NW 1213"]
[Site "Bayern"]
[Date "2013.04.14"]
[Round "9.3"]
[White "Chalus, Karel"]
[Black "Koeniger, Matthias"]
[Result "1/2-1/2"]
[WhiteElo "2022"]
[BlackElo "2008"]
[PlyCount "99"]
[EventDate "2012.10.14"]
[EventType "team-tourn"]
[EventRounds "9"]
[EventCountry "GER"]
[SourceTitle "EXT 2015"]
[Source "ChessBase"]
[SourceDate "2014.11.20"]
[SourceVersion "1"]
[SourceVersionDate "2014.11.20"]
[SourceQuality "1"]
[WhiteTeam "Kirchenlaibach"]
[BlackTeam "Rottendorf"]
[WhiteTeamCountry "GER"]
[BlackTeamCountry "GER"]

1. e4 Nf6 2. e5 Nd5 3. d4 d6 4. Nf3 Bg4 5. Be2 c6 6. 0-0 Bxf3 7. Bxf3 dxe5 8. dxe5 e6 9. Qe2 Nd7 10. c4 Ne7 11. Bd2 Ng6 12. Bc3 Qc7 13. Re1 Rd8 14. b4 Be7 15. g3 a5 16. a3 0-0 17. h4 Rfe8 18. h5 Ngf8 19. Nd2 axb4 20. axb4 Ra8 21. Nb3 f6 22. exf6 Bxf6 23. Bxf6 gxf6 24. Na5 Ne5 25. Bg2 b6 26. f4 Nd3 27. Qxd3 bxa5 28. Qd4 axb4 29. Rxa8 Rxa8 30. Qxf6 Qg7 31. Qxg7+ Kxg7 32. Bxc6 Ra3 33. Kf2 Rc3 34. Bb5 b3 35. Rb1 Kf6 36. Ba4 Rxc4 37. Bxb3 Rc3 38. Ba4 Ra3 39. Bc6 e5 40. fxe5+ Kxe5 41. Rb5+ Kf6 42. Be4 Ra6 43. Rf5+ Ke7 44. Rxf8 Kxf8 45. Bxh7 Kg7 46. Bf5 Kh6 47. g4 Ra3 48. Ke2 Kg5 49. Kd2 Rh3 50. Ke2 1/2-1/2

[Event "Regionalliga NW 1213"]
[Site "Bayern"]
[Date "2012.11.25"]
[Round "3.4"]
[White "Kinkelin, Ulrich"]
[Black "Chalus, Karel"]
[Result "0-1"]
[WhiteElo "1938"]
[BlackElo "2022"]
[PlyCount "61"]
[EventDate "2012.10.14"]
[EventType "team-tourn"]
[EventRounds "9"]
[EventCountry "GER"]
[SourceTitle "EXT 2015"]
[Source "ChessBase"]
[SourceDate "2014.11.20"]
[SourceVersion "1"]
[SourceVersionDate "2014.11.20"]
[SourceQuality "1"]
[WhiteTeam "Wuerzburg II"]
[BlackTeam "Kirchenlaibach"]
[WhiteTeamCountry "GER"]
[BlackTeamCountry "GER"]

1. e4 e5 2. Bc4 Nf6 3. d4 exd4 4. Nf3 Nc6 5. Nxd4 Bc5 6. Nxc6 bxc6 7. Nc3 d6 8. Bg5 h6 9. Bh4 Qe7 10. 0-0 g5 11. Bg3 Ng4 12. Na4 Bb6 13. Nxb6 axb6 14. Qd4 0-0 15. f4 b5 16. Be2 Ra4 17. c4 c5 18. Qd3 bxc4 19. Qd1 Rb4 20. Bxg4 Bxg4 21. Qxg4 Qxe4 22. Rf2 Rfb8 23. Qh5 Rxb2 24. Qxh6 Rxf2 25. Qxg5+ Kf8 26. Qh6+ Ke8 27. Qh8+ Kd7 28. Qh3+ Kc6 29. Kxf2 Qd4+ 30. Kf3 Qxa1 31. Qf5 0-1